<?xml version="1.0" encoding="UTF-8"?>
<record
    xmlns:xsi="http://www.w3.org/2001/XMLSchema-instance"
    xsi:schemaLocation="http://www.loc.gov/MARC21/slim http://www.loc.gov/standards/marcxml/schema/MARC21slim.xsd"
    xmlns="http://www.loc.gov/MARC21/slim">

  <leader>01090nam a22002777a 4500</leader>
  <controlfield tag="003">dpl</controlfield>
  <controlfield tag="005">20170124103222.0</controlfield>
  <controlfield tag="008">161127b        xxu||||| |||| 00| 0 eng d</controlfield>
  <datafield tag="010" ind1=" " ind2=" ">
    <subfield code="a">438664</subfield>
  </datafield>
  <datafield tag="020" ind1=" " ind2=" ">
    <subfield code="c">10.00</subfield>
  </datafield>
  <datafield tag="035" ind1=" " ind2=" ">
    <subfield code="a">438664</subfield>
  </datafield>
  <datafield tag="037" ind1=" " ind2=" ">
    <subfield code="b">Cen Lib/Ret</subfield>
  </datafield>
  <datafield tag="040" ind1=" " ind2=" ">
    <subfield code="a">DPL</subfield>
    <subfield code="b">EN</subfield>
    <subfield code="c">tit</subfield>
  </datafield>
  <datafield tag="082" ind1=" " ind2=" ">
    <subfield code="a">027.8</subfield>
    <subfield code="b">&#x92B;&#x93C;&#x93E;&#x930;&#x94D;&#x917;&#x94B;&#x90F;</subfield>
  </datafield>
  <datafield tag="100" ind1=" " ind2=" ">
    <subfield code="a">&#x92B;&#x93C;&#x93E;&#x930;&#x94D;&#x917;&#x94B;, &#x932;&#x942;&#x938;&#x93F;&#x932;&#x947; &#x90F;&#x92B;.</subfield>
    <subfield code="9">117046</subfield>
  </datafield>
  <datafield tag="245" ind1=" " ind2=" ">
    <subfield code="a">&#x938;&#x94D;&#x915;&#x942;&#x932;-&#x92A;&#x941;&#x938;&#x94D;&#x924;&#x915;&#x93E;&#x932;&#x92F; &#x915;&#x947; &#x935;&#x93F;&#x935;&#x93F;&#x927; &#x930;&#x942;&#x92A;  /</subfield>
    <subfield code="c">&#x932;&#x942;&#x938;&#x93F;&#x932;&#x947; &#x90F;&#x92B;. &#x92B;&#x93C;&#x93E;&#x930;&#x94D;&#x917;&#x94B;</subfield>
  </datafield>
  <datafield tag="246" ind1=" " ind2=" ">
    <subfield code="a">School pustakalya ke vividh roop /</subfield>
    <subfield code="b">Lucile F. Fargo </subfield>
  </datafield>
  <datafield tag="260" ind1=" " ind2=" ">
    <subfield code="a">&#x926;&#x93F;&#x932;&#x94D;&#x932;&#x940; </subfield>
    <subfield code="b">&#x906;&#x924;&#x94D;&#x92E;&#x93E; &#x930;&#x93E;&#x92E; &#x90F;&#x902;&#x921; &#x938;&#x902;&#x938;</subfield>
    <subfield code="c">1966</subfield>
  </datafield>
  <datafield tag="270" ind1=" " ind2=" ">
    <subfield code="b">&#x926;&#x93F;&#x932;&#x94D;&#x932;&#x940; </subfield>
    <subfield code="a">&#x915;&#x936;&#x94D;&#x92E;&#x940;&#x930;&#x940; &#x917;&#x947;&#x91F; </subfield>
  </datafield>
  <datafield tag="300" ind1=" " ind2=" ">
    <subfield code="a">403p.</subfield>
    <subfield code="c">22cm(pbk)</subfield>
  </datafield>
  <datafield tag="500" ind1=" " ind2=" ">
    <subfield code="a">Includes appendix and index</subfield>
  </datafield>
  <datafield tag="650" ind1=" " ind2=" ">
    <subfield code="a">Library Science</subfield>
    <subfield code="9">117047</subfield>
  </datafield>
  <datafield tag="650" ind1=" " ind2=" ">
    <subfield code="a">Library management</subfield>
    <subfield code="9">117048</subfield>
  </datafield>
  <datafield tag="700" ind1=" " ind2=" ">
    <subfield code="a">&#x924;&#x94D;&#x930;&#x93F;&#x92A;&#x93E;&#x920;&#x940;, &#x938;&#x936;&#x93F;&#x92A;&#x94D;&#x930;&#x92D;&#x93E; </subfield>
    <subfield code="9">117049</subfield>
  </datafield>
  <datafield tag="942" ind1=" " ind2=" ">
    <subfield code="2">ddc</subfield>
    <subfield code="c">HN</subfield>
    <subfield code="h">027.8</subfield>
    <subfield code="m">&#x92B;&#x93C;&#x93E;&#x930;&#x94D;&#x917;&#x94B;&#x90F;</subfield>
  </datafield>
  <datafield tag="999" ind1=" " ind2=" ">
    <subfield code="c">121950</subfield>
    <subfield code="d">121950</subfield>
  </datafield>
  <datafield tag="952" ind1=" " ind2=" ">
    <subfield code="0">0</subfield>
    <subfield code="1">0</subfield>
    <subfield code="2">ddc</subfield>
    <subfield code="4">0</subfield>
    <subfield code="7">1</subfield>
    <subfield code="8">REF</subfield>
    <subfield code="a">L</subfield>
    <subfield code="b">L</subfield>
    <subfield code="d">2016-01-02</subfield>
    <subfield code="e">Cen Lib/Ret</subfield>
    <subfield code="g">10.00</subfield>
    <subfield code="l">0</subfield>
    <subfield code="o">027.8 &#x92B;&#x93C;&#x93E;&#x930;&#x94D;&#x917;&#x94B;&#x90F;</subfield>
    <subfield code="p">438664</subfield>
    <subfield code="r">2016-01-02 00:00:00</subfield>
    <subfield code="t">1</subfield>
    <subfield code="v">10.00</subfield>
    <subfield code="w">2016-01-02</subfield>
    <subfield code="y">HN</subfield>
  </datafield>
</record>
